| 000 | 00435 a2200133 4500 | ||
|---|---|---|---|
| 001 | ART_4855 | ||
| 005 | 20260410161825.0 | ||
| 008 | 260409a | ||
| 245 | 1 | 0 | _aLa responsabilidad social empresaria |
| 100 | 1 | _aFuertes, Flavio | |
| 700 | 1 | _aGoyburu, María Lara | |
| 700 | 1 | _aKosacoff, Bernardo | |
| 773 | 0 |
_tRevista de trabajo _gEl empleo en el debate de las Américas - Año 1, Nº 1/1 (jul./dic. 2005) _wREV4713 |
|
| 999 |
_c22707 _d22707 |
||